Situación de la teología cristiana en la América Latina /
Uloženo v:
| Hlavní autor: | |
|---|---|
| Médium: | Text |
| Témata: | |
| Tagy: |
Přidat tag
Žádné tagy, Buďte první, kdo vytvoří štítek k tomuto záznamu!
|
MARC
| LEADER | 00000 a a2200000 04500 | ||
|---|---|---|---|
| 001 | 2404 | ||
| 003 | |||
| 040 | |||
| 100 | |a Comblin, José | ||
| 245 | |a Situación de la teología cristiana en la América Latina / |c José Comblin | ||
| 650 | |a RELIGION | ||
| 650 | |a NEOLIBERALISMO | ||
| 650 | |a PROBLEMAS SOCIALES | ||
| 650 | |a MOVIMIENTOS SOCIALES | ||
| 773 | |g número 34; páginas 25-30 | ||
| 999 | |c 26595 |d 26595 | ||
